| 000 | 00865nam a2200253 i 4500 | ||
|---|---|---|---|
| 001 | 175417 | ||
| 003 | ES-MaACL | ||
| 005 | 20251218174607.0 | ||
| 007 | t| | ||
| 008 | 101027s1974 sp o r ||||1| spa d | ||
| 020 | _a84-369-0328-5 | ||
| 080 | _a75 Garcés, Juan | ||
| 080 | _a929 Garcés, Juan | ||
| 100 | 1 |
_aLópez Anglada, Luis, _d1919-2007 _973405 |
|
| 245 | 1 | 0 |
_aJ. Garcés / _cLuis López Anglada. |
| 260 |
_a[Madrid : _bDirección General de Bellas Artes, _c1974] |
||
| 300 |
_a85 p. : _bfot. col. y n. ; _c17 cm. |
||
| 490 | 1 |
_aArtistas españoles contemporáneos. Pintores ; _v75 |
|
| 600 | 1 | 4 |
_aGarcés, Juan. _9143739 |
| 710 | 1 |
_aEspaña. _bDirección General de Bellas Artes. _93704 |
|
| 830 | 0 |
_aArtistas españoles contemporáneos. Pintores _v75 _9189664 |
|
| 852 |
_aES-MaACL _j2261-F-75 _xOlim P-1916 |
||
| 999 |
_c175417 _d175417 |
||